[Event "Wch Amateurs U2300"]
[Site "Rhodes"]
[Date "2024.11.03"]
[Round "8"]
[White "Kracht, Raphael"]
[Black "Bouget, Alexandre"]
[Result "1/2-1/2"]
[WhiteElo "2177"]
[BlackElo "2163"]
[PlyCount "108"]
[EventDate "2024.10.27"]
[EventType "swiss"]
[EventRounds "9"]
[EventCountry "GRE"]
[SourceTitle "CB45_2024"]
[Source "ChessBase"]
[SourceDate "2024.11.06"]
[SourceVersion "1"]
[SourceVersionDate "2024.11.06"]
[SourceQuality "1"]

1. e4 e5 2. Nf3 Nc6 3. Bc4 d6 4. 0-0 Be7 5. Re1 Nf6 6. d3 0-0 7. a4 Kh8 8. a5 a6 9. h3 Ng8 10. Nc3 f5 11. Nd5 f4 12. d4 g5 13. b4 g4 14. hxg4 Bxg4 15. Bb2 Bxf3 16. Qxf3 Nxd4 17. Bxd4 exd4 18. e5 dxe5 19. Rxe5 Bd6 20. Rh5 Qd7 21. Bd3 h6 22. Re1 Rae8 23. Rxe8 Qxe8 24. Qh3 Qe1+ 25. Bf1 Qe4 26. f3 Qxc2 27. Qe6 Qh7 28. Bc4 Qf7 29. Qxf7 Rxf7 30. Kf2 Kg7 31. Rh4 Nf6 32. Nxf4 Ne4+ 33. fxe4 Rxf4+ 34. Rxf4 Bxf4 35. Bd5 c6 36. Be6 Bd2 37. Bc8 Bxb4 38. Bxb7 c5 39. Bxa6 Bxa5 40. Ke2 Kf6 41. Kd3 Ke5 42. g4 Bd8 43. Bc8 c4+ 44. Kxc4 Kxe4 45. Bf5+ Ke3 46. Bg6 Bf6 47. Bc2 Kf4 48. Bd1 Ke3 49. Bc2 Bg7 50. Bg6 Kf4 51. Bh5 Ke3 52. Bg6 Bf6 53. Bc2 Kf4 54. Bd1 Ke3 1/2-1/2

[Event "Wch Amateurs U2300"]
[Site "Rhodes"]
[Date "2024.10.27"]
[Round "1"]
[White "Bouget, Alexandre"]
[Black "Saidulla, Bakdaulet"]
[Result "1/2-1/2"]
[WhiteElo "2163"]
[BlackElo "1954"]
[PlyCount "128"]
[EventDate "2024.10.27"]
[EventType "swiss"]
[EventRounds "9"]
[EventCountry "GRE"]
[SourceTitle "CB45_2024"]
[Source "ChessBase"]
[SourceDate "2024.11.06"]
[SourceVersion "1"]
[SourceVersionDate "2024.11.06"]
[SourceQuality "1"]

1. d4 d5 2. c4 e6 3. Nc3 c6 4. Nf3 dxc4 5. e4 b5 6. Qc2 Bb7 7. Be2 Nf6 8. 0-0 Be7 9. Rb1 Nbd7 10. b3 cxb3 11. Rxb3 a6 12. e5 Nd5 13. Nxd5 cxd5 14. Bd3 Nb6 15. Qe2 Nc4 16. h4 h6 17. h5 Qa5 18. Bb1 Qb6 19. Be3 a5 20. a4 b4 21. Bd3 Ba6 22. Nd2 Nxe3 23. fxe3 Bxd3 24. Rxd3 0-0 25. e4 Rac8 26. exd5 exd5 27. Nb3 Rc3 28. Qf3 Rxd3 29. Qxd3 Qc6 30. Qf3 f6 31. Rc1 Qd7 32. Qh3 Qxh3 33. gxh3 fxe5 34. dxe5 Rf5 35. e6 Re5 36. Rc6 d4 37. Rc7 Bg5 38. Kf1 d3 39. Rd7 d2 40. Nxd2 Rxe6 41. Nc4 Rf6+ 42. Ke2 Rf5 43. Ra7 b3 44. Rb7 Rf4 45. Kd3 Rf3+ 46. Ke4 Rxh3 47. Kf5 Rf3+ 48. Ke4 Rf4+ 49. Kd5 Bf6 50. Rb8+ Kh7 51. Rxb3 Rf5+ 52. Ke6 Rxh5 53. Rb5 Rh4 54. Kd5 Rh5+ 55. Ke6 Rxb5 56. axb5 Bd4 57. Nxa5 h5 58. Nc4 g5 59. Kd5 Bf2 60. b6 Bxb6 61. Nxb6 Kg6 62. Ke4 h4 63. Nd5 g4 64. Kf4 g3 1/2-1/2

[Event "Leca da Palmeira op 3rd"]
[Site "Leca da Palmeira"]
[Date "2024.08.03"]
[Round "6"]
[White "Raghu Ram, Reddy Seelam"]
[Black "Bouget, Alexandre"]
[Result "1/2-1/2"]
[WhiteElo "1819"]
[BlackElo "2179"]
[PlyCount "91"]
[EventDate "2024.07.31"]
[EventType "swiss"]
[EventRounds "9"]
[EventCountry "POR"]
[SourceTitle "EXT 2025"]
[Source "ChessBase"]
[SourceDate "2024.10.14"]
[SourceVersion "1"]
[SourceVersionDate "2024.10.14"]
[SourceQuality "1"]

1. e4 e5 2. Nf3 Nc6 3. Bc4 Nf6 4. d3 d5 5. exd5 Nxd5 6. 0-0 Nb6 7. Bb3 Bg4 8. Re1 Qf6 9. Be3 Bxf3 10. Qxf3 Qxf3 11. gxf3 Bd6 12. f4 0-0 13. fxe5 Nxe5 14. Nd2 Ng4 15. Nf3 Nxe3 16. Rxe3 a5 17. a4 Nd7 18. Rae1 g6 19. d4 Kg7 20. Nd2 Nf6 21. h3 Bf4 22. R3e2 Rad8 23. c3 c5 24. Nf3 Bd6 25. Rd1 Rde8 26. Rde1 Rxe2 27. Rxe2 Nh5 28. Rd2 Nf4 29. h4 cxd4 30. Nxd4 Be7 31. Nf3 Rd8 32. Rxd8 Bxd8 33. Ne5 Bxh4 34. Nxf7 Nd3 35. Nd6 b6 36. Nc4 Bxf2+ 37. Kf1 Bc5 38. Bc2 Nf4 39. b4 axb4 40. cxb4 Bxb4 41. Nxb6 h5 42. Nc4 h4 43. a5 Bc5 44. a6 h3 45. Ne5 h2 46. Be4 1/2-1/2

[Event "Titled Tuesday intern op 13th Feb Late"]
[Site "Chess.com INT"]
[Date "2024.02.13"]
[Round "7"]
[White "Bouget, Alexandre"]
[Black "Chabris, Christopher"]
[Result "1-0"]
[WhiteElo "2193"]
[BlackElo "2094"]
[PlyCount "57"]
[EventDate "2024.02.13"]
[EventType "swiss (blitz)"]
[EventRounds "11"]
[EventCountry "USA"]
[SourceTitle "CBM 218 Extra"]
[Source "ChessBase"]
[SourceDate "2024.03.31"]
[SourceVersion "1"]
[SourceVersionDate "2024.03.31"]
[SourceQuality "1"]

1. d4 Nf6 2. c4 e6 3. Nc3 Bb4 4. a3 Bxc3+ 5. bxc3 b6 6. f3 Nc6 7. e4 d6 8. Bd3 Qd7 9. Ne2 Ba6 10. 0-0 Na5 11. f4 Bxc4 12. Bxc4 Nxc4 13. Qd3 d5 14. Ng3 0-0-0 15. e5 Ng4 16. f5 exf5 17. Nxf5 h5 18. h3 Nh6 19. Nxg7 Rdg8 20. Nxh5 Rg6 21. Nf6 Qe6 22. Qf3 c6 23. Bxh6 Rhxh6 24. Ng4 Rh7 25. Qf5 Kd7 26. Nf6+ Rxf6 27. Qxh7 Rxf1+ 28. Rxf1 c5 29. Rxf7+ 1-0

[Event "Titled Tuesday intern op 23rd Jan Late"]
[Site "Chess.com INT"]
[Date "2024.01.23"]
[Round "4"]
[White "Karas, Marek"]
[Black "Bouget, Alexandre"]
[Result "0-1"]
[WhiteElo "2244"]
[BlackElo "2188"]
[PlyCount "62"]
[EventDate "2024.01.23"]
[EventType "swiss (blitz)"]
[EventRounds "11"]
[EventCountry "USA"]
[SourceTitle "CBM 218 Extra"]
[Source "ChessBase"]
[SourceDate "2024.03.31"]
[SourceVersion "1"]
[SourceVersionDate "2024.03.31"]
[SourceQuality "1"]

1. d4 Nf6 2. Nf3 e6 3. Bg5 c5 4. e3 Nc6 5. c3 h6 6. Bh4 d5 7. Nbd2 Be7 8. Bd3 0-0 9. 0-0 b6 10. Ne5 Nxe5 11. dxe5 Nd7 12. Bxe7 Qxe7 13. f4 Bb7 14. Qh5 f5 15. Rf3 d4 16. e4 dxc3 17. bxc3 c4 18. Bc2 Rad8 19. Rg3 Nxe5 20. Nf1 Qc5+ 21. Kh1 Ng4 22. Rxg4 fxg4 23. Qxg4 Qf2 24. Qxe6+ Kh8 25. Ba4 Rxf4 26. Ng3 Rdf8 27. Rg1 Bxe4 28. Bb5 Bd3 29. a4 Qxg1+ 30. Kxg1 Rf1+ 31. Nxf1 Rxf1# 0-1

[Event "Titled Tuesday intern op 02nd Jan Late"]
[Site "Chess.com INT"]
[Date "2024.01.02"]
[Round "9"]
[White "Alcazar Jimenez, Jesus Alberto"]
[Black "Bouget, Alexandre"]
[Result "0-1"]
[WhiteElo "2147"]
[BlackElo "2188"]
[PlyCount "52"]
[EventDate "2024.01.02"]
[EventType "swiss (blitz)"]
[EventRounds "11"]
[EventCountry "USA"]
[SourceTitle "EXT 2025"]
[Source "ChessBase"]
[SourceDate "2024.10.14"]
[SourceVersion "1"]
[SourceVersionDate "2024.10.14"]
[SourceQuality "1"]

1. c4 e5 2. Nc3 Nc6 3. e3 Bc5 4. Nf3 d6 5. d4 exd4 6. exd4 Bb6 7. Nd5 Nge7 8. Nxb6 axb6 9. Bd3 Bg4 10. Be3 d5 11. 0-0 h6 12. h3 Be6 13. b3 0-0 14. Ne5 Nxe5 15. dxe5 dxc4 16. bxc4 Nf5 17. Bxf5 Bxf5 18. c5 b5 19. Qb3 c6 20. Rfd1 Qe7 21. f4 Ra4 22. Rd6 Rfa8 23. g4 Ra3 24. Qd1 Rxe3 25. gxf5 Qh4 26. Qd2 Rxh3 0-1

[Event "Titled Tuesday intern op 02nd Jan Late"]
[Site "Chess.com INT"]
[Date "2024.01.02"]
[Round "8"]
[White "Bouget, Alexandre"]
[Black "Vifleemskaia, Svetlana"]
[Result "0-1"]
[WhiteElo "2188"]
[BlackElo "1903"]
[PlyCount "84"]
[EventDate "2024.01.02"]
[EventType "swiss (blitz)"]
[EventRounds "11"]
[EventCountry "USA"]
[SourceTitle "EXT 2025"]
[Source "ChessBase"]
[SourceDate "2024.10.14"]
[SourceVersion "1"]
[SourceVersionDate "2024.10.14"]
[SourceQuality "1"]

1. d4 Nf6 2. Nc3 d5 3. Bf4 a6 4. Nf3 c5 5. e3 Nc6 6. Be2 Bf5 7. 0-0 e6 8. a3 Be7 9. dxc5 Bxc5 10. b4 Bd6 11. Bxd6 Qxd6 12. Nh4 Bg6 13. Nxg6 hxg6 14. h3 g5 15. e4 d4 16. b5 Ne5 17. bxa6 bxa6 18. f4 gxf4 19. Rxf4 Nc6 20. Rf3 Qc5 21. Nb1 d3+ 22. Kh1 dxe2 23. Qxe2 Nd4 24. Qf2 Nxe4 25. Qe3 Nxf3 26. Qxf3 Qd5 27. c4 Qf5 28. Nd2 Qxf3 29. Nxf3 0-0-0 30. Re1 f5 31. Rb1 Kc7 32. Ne5 Rb8 33. Re1 Rhd8 34. Ng6 Rd2 35. Nf4 Rbb2 36. Nxe6+ Kd6 37. Nf4 Ke5 38. Ng6+ Kf6 39. Nf4 g5 40. Nd5+ Ke5 41. Ne3 Re2 42. Rf1 Rxe3 0-1

[Event "Titled Tuesday intern op 02nd Jan Late"]
[Site "Chess.com INT"]
[Date "2024.01.02"]
[Round "11"]
[White "Estrada Nieto, Julian"]
[Black "Bouget, Alexandre"]
[Result "1-0"]
[WhiteElo "2199"]
[BlackElo "2188"]
[PlyCount "95"]
[EventDate "2024.01.02"]
[EventType "swiss (blitz)"]
[EventRounds "11"]
[EventCountry "USA"]
[SourceTitle "EXT 2025"]
[Source "ChessBase"]
[SourceDate "2024.10.14"]
[SourceVersion "1"]
[SourceVersionDate "2024.10.14"]
[SourceQuality "1"]

1. Nf3 d5 2. c4 Nf6 3. b3 c5 4. cxd5 Nxd5 5. Bb2 Nc6 6. g3 e6 7. Bg2 Nf6 8. 0-0 Be7 9. d4 0-0 10. dxc5 Bxc5 11. Nbd2 a5 12. Qc2 Ba7 13. Ng5 Nd4 14. Qd3 h6 15. Ngf3 Nxf3+ 16. Nxf3 Qxd3 17. exd3 Rd8 18. Ne5 Bd4 19. Bxd4 Rxd4 20. Rac1 Nd5 21. Nc4 Bd7 22. Bxd5 exd5 23. Nb6 Rd8 24. Nxd7 Rxd7 25. Rc3 Re7 26. Rd1 Re2 27. a3 Rb2 28. Kf1 b5 29. a4 bxa4 30. bxa4 Rxa4 31. Rc5 Raa2 32. Rxd5 Rxf2+ 33. Kg1 Rg2+ 34. Kf1 Rxh2 35. Kg1 a4 36. Rd8+ Kh7 37. Ra8 Kg6 38. Rxa4 Rhg2+ 39. Kf1 Rgf2+ 40. Kg1 Rg2+ 41. Kf1 Raf2+ 42. Ke1 Re2+ 43. Kf1 Rgf2+ 44. Kg1 Rf3 45. Rg4+ Kf6 46. d4 g5 47. d5 h5 48. d6 1-0

[Event "Titled Tuesday intern op 24th Oct Late"]
[Site "Chess.com INT"]
[Date "2023.10.24"]
[Round "2"]
[White "Bouget, Alexandre"]
[Black "Bongo Akanga Ndjila, Barthelemy"]
[Result "1-0"]
[WhiteElo "2237"]
[BlackElo "1824"]
[PlyCount "50"]
[EventDate "2023.10.24"]
[EventType "swiss (blitz)"]
[EventRounds "11"]
[EventCountry "USA"]
[SourceTitle "CBM 216 Extra"]
[Source "ChessBase"]
[SourceDate "2023.11.30"]
[SourceVersion "1"]
[SourceVersionDate "2023.11.30"]
[SourceQuality "1"]

1. e4 e6 2. Nf3 d5 3. e5 c5 4. b4 b6 5. bxc5 bxc5 6. c3 Ba6 7. Bxa6 Nxa6 8. Qa4+ Qd7 9. Qxa6 Ne7 10. 0-0 Ng6 11. d4 Be7 12. Ba3 Rc8 13. Bxc5 Bxc5 14. dxc5 Rxc5 15. Qd6 Qc8 16. Nbd2 Rc6 17. Qb4 Rc5 18. Nb3 Rc4 19. Qb5+ Ke7 20. Nbd4 Rd8 21. Rab1 Rd7 22. Rfc1 Nf4 23. Nd2 Rxd4 24. cxd4 Ne2+ 25. Qxe2 Rc7 1-0

[Event "Titled Tuesday intern op 10th Oct Late"]
[Site "Chess.com INT"]
[Date "2023.10.10"]
[Round "1"]
[White "Bouget, Alexandre"]
[Black "Brodsky, David"]
[Result "0-1"]
[WhiteElo "2237"]
[BlackElo "2497"]
[PlyCount "102"]
[EventDate "2023.10.10"]
[EventType "swiss (blitz)"]
[EventRounds "11"]
[EventCountry "USA"]
[SourceTitle "EXT 2025"]
[Source "ChessBase"]
[SourceDate "2024.10.14"]
[SourceVersion "1"]
[SourceVersionDate "2024.10.14"]
[SourceQuality "1"]

1. d4 Nf6 2. c4 e6 3. Nc3 Bb4 4. e3 0-0 5. Bd2 c5 6. Nf3 b6 7. Bd3 Bb7 8. 0-0 d6 9. Rc1 Nbd7 10. Nb5 Bxf3 11. gxf3 Bxd2 12. Qxd2 Qe7 13. Kh1 a6 14. Nc3 cxd4 15. exd4 Nh5 16. Rg1 Qf6 17. Be4 Rac8 18. Ne2 e5 19. Qg5 Qxg5 20. Rxg5 g6 21. Bb7 Rc7 22. Bxa6 Ra8 23. Bb5 Rxa2 24. Bxd7 Rxd7 25. dxe5 Rxb2 26. Ng3 Nxg3+ 27. hxg3 dxe5 28. Rxe5 Rxf2 29. Rb5 Rd6 30. f4 h5 31. Kg1 Rdd2 32. Rxb6 Rg2+ 33. Kh1 Rh2+ 34. Kg1 Rdg2+ 35. Kf1 Rxg3 36. c5 h4 37. Rc4 Ra3 38. Kg1 Raa2 39. c6 Rag2+ 40. Kf1 Rc2 41. Rxc2 Rxc2 42. Ra6 Kg7 43. Kg1 Kf6 44. c7+ Kf5 45. Ra7 f6 46. Ra5+ Kxf4 47. Ra6 Kg5 48. Ra5+ f5 49. Ra7 Kg4 50. Kf1 h3 51. Ke1 h2 0-1

[Event "Titled Tuesday intern op 10th Oct Late"]
[Site "Chess.com INT"]
[Date "2023.10.10"]
[Round "6"]
[White "Quirke, Jeffrey"]
[Black "Bouget, Alexandre"]
[Result "0-1"]
[WhiteElo "2015"]
[BlackElo "2237"]
[PlyCount "50"]
[EventDate "2023.10.10"]
[EventType "swiss (blitz)"]
[EventRounds "11"]
[EventCountry "USA"]
[SourceTitle "EXT 2025"]
[Source "ChessBase"]
[SourceDate "2024.10.14"]
[SourceVersion "1"]
[SourceVersionDate "2024.10.14"]
[SourceQuality "1"]

1. e4 g6 2. d4 Bg7 3. Nc3 d6 4. h3 a6 5. Be3 b5 6. Nf3 Bb7 7. Bd3 Nd7 8. Qd2 c5 9. 0-0-0 c4 10. Be2 b4 11. Nb1 Bxe4 12. Bxc4 Bxf3 13. gxf3 Nb6 14. Bd3 a5 15. f4 Nf6 16. f5 Qc7 17. Qe2 a4 18. Nd2 b3 19. Kb1 bxa2+ 20. Kxa2 a3 21. b3 Qc3 22. Rb1 Nfd5 23. Bb5+ Kf8 24. b4 Qxc2+ 25. Ka1 Nc3 0-1

[Event "Titled Tuesday intern op 01st Aug Early"]
[Site "Chess.com INT"]
[Date "2023.08.01"]
[Round "5"]
[White "Nasir, Zehn"]
[Black "Bouget, Alexandre"]
[Result "1-0"]
[WhiteElo "2057"]
[BlackElo "2229"]
[PlyCount "97"]
[EventDate "2023.08.01"]
[EventType "swiss (blitz)"]
[EventRounds "11"]
[EventCountry "USA"]
[SourceTitle "EXT 2024"]
[Source "ChessBase"]
[SourceDate "2023.10.10"]
[SourceVersion "1"]
[SourceVersionDate "2023.10.10"]
[SourceQuality "1"]

1. d4 g6 2. Bf4 Bg7 3. Nc3 d6 4. e4 c5 5. dxc5 Qa5 6. Nge2 Qxc5 7. Qd2 Nc6 8. Be3 Qa5 9. Nd4 Nf6 10. Be2 0-0 11. 0-0 Ng4 12. Bxg4 Bxg4 13. Nxc6 bxc6 14. Bh6 Rab8 15. Bxg7 Kxg7 16. b3 Rfd8 17. Rfe1 Qc5 18. Na4 Qb4 19. Qg5 Be6 20. Qxe7 Rd7 21. Qg5 c5 22. Rad1 c4 23. e5 d5 24. Qe3 d4 25. Qf4 d3 26. cxd3 cxb3 27. Qxb4 Rxb4 28. axb3 Bxb3 29. Nc5 Bxd1 30. Nxd7 Bc2 31. Nc5 a5 32. Rc1 a4 33. g3 Rb2 34. Ra1 Rb4 35. d4 Rxd4 36. f4 Rc4 37. Nb7 Bb3 38. Nd6 Rc2 39. Nb5 Bd5 40. Rxa4 Rg2+ 41. Kf1 Rxh2 42. Ra7 Bc4+ 43. Kg1 Rd2 44. Nd6 Bd5 45. Kf1 h5 46. Ra5 Be6 47. Ra3 Kh6 48. Ne4 Rb2 49. Ng5 1-0

[Event "Sitges op 47th"]
[Site "Sitges"]
[Date "2023.07.30"]
[Round "9"]
[White "Bouget, Alexandre"]
[Black "Marin Posada, Sebastian"]
[Result "0-1"]
[WhiteElo "2253"]
[BlackElo "2265"]
[PlyCount "118"]
[EventDate "2023.07.22"]
[EventType "swiss"]
[EventRounds "9"]
[EventCountry "ESP"]
[SourceTitle "CBM 215 Extra"]
[Source "ChessBase"]
[SourceDate "2023.09.30"]
[SourceVersion "1"]
[SourceVersionDate "2023.09.30"]
[SourceQuality "1"]

1. d4 Nf6 2. c4 e6 3. Nc3 Bb4 4. e3 c5 5. Nf3 Nc6 6. Bd3 Bxc3+ 7. bxc3 d6 8. e4 e5 9. d5 Ne7 10. Nh4 h6 11. 0-0 0-0 12. f4 Ng6 13. Nxg6 fxg6 14. Qe1 Qe8 15. Qh4 exf4 16. Qxf4 Qe7 17. Qg3 g5 18. h4 Nh5 19. Rxf8+ Qxf8 20. Qe1 Nf4 21. Bxf4 Qxf4 22. hxg5 hxg5 23. e5 dxe5 24. g3 Qf3 25. Qxe5 Bg4 26. Bf1 Rf8 27. Qe1 Qf5 28. Rb1 b6 29. Rb2 Bf3 30. Rd2 g4 31. Bd3 Qd7 32. Qe6+ Qxe6 33. dxe6 Rf6 34. Be2 Rxe6 35. Bxf3 gxf3 36. Kf2 Re4 37. Kxf3 Rxc4 38. Rd3 Ra4 39. Rd2 Kf7 40. Ke3 Ke6 41. Rf2 b5 42. Rb2 a6 43. Kd3 Kd5 44. Rf2 c4+ 45. Ke3 Ra3 46. Rf5+ Ke6 47. Rg5 Rxc3+ 48. Kd4 Rd3+ 49. Ke4 Kf6 50. Rc5 Ra3 51. Kf4 Rxa2 52. Rc6+ Kf7 53. Rc7+ Kg6 54. Rc6+ Kh7 55. g4 Rf2+ 56. Kg3 Rf6 57. Rc5 Rb6 58. g5 Kg6 59. Kg4 a5 0-1

[Event "Paris-ch IdF"]
[Site "Paris"]
[Date "2023.07.14"]
[Round "5"]
[White "Fischer, Daniel1"]
[Black "Bouget, Alexandre"]
[Result "1-0"]
[WhiteElo "2380"]
[BlackElo "2253"]
[PlyCount "103"]
[EventDate "2023.07.11"]
[EventType "swiss"]
[EventRounds "9"]
[EventCountry "FRA"]
[SourceTitle "CBM 215 Extra"]
[Source "ChessBase"]
[SourceDate "2023.09.30"]
[SourceVersion "1"]
[SourceVersionDate "2023.09.30"]
[SourceQuality "1"]

1. e4 e5 2. Nf3 Nc6 3. Bb5 a6 4. Ba4 Nf6 5. 0-0 Be7 6. Re1 b5 7. Bb3 d6 8. c3 0-0 9. h3 Na5 10. Bc2 c5 11. d4 Nd7 12. a4 b4 13. d5 Rb8 14. Nbd2 c4 15. cxb4 Rxb4 16. b3 cxb3 17. Nxb3 Nxb3 18. Bxb3 Nc5 19. Bc2 Bd7 20. Ba3 Rxa4 21. Bxa4 Bxa4 22. Qd2 Nb3 23. Qb4 Qe8 24. Rab1 Nc5 25. Qc3 f6 26. Bxc5 dxc5 27. Nd2 Bb5 28. Nc4 Kh8 29. d6 Bd8 30. Red1 Qg6 31. f3 f5 32. exf5 Qxf5 33. Qxe5 Bxc4 34. Qxf5 Rxf5 35. Rb8 Rf8 36. Rc1 Bb5 37. Rxc5 Kg8 38. d7 Bxd7 39. Rd5 Bf6 40. Rxf8+ Kxf8 41. Rxd7 a5 42. Kf1 Be7 43. Ra7 Bb4 44. Ke2 Kg8 45. f4 h6 46. g4 Kh8 47. Kf3 Bc3 48. Ke4 Kh7 49. Kf5 Bb4 50. g5 hxg5 51. fxg5 Kg8 52. g6 1-0

[Event "Titled Tuesday intern op 11th Jul Late"]
[Site "Chess.com INT"]
[Date "2023.07.11"]
[Round "3"]
[White "Kohler, Aran"]
[Black "Bouget, Alexandre"]
[Result "1-0"]
[WhiteElo "2010"]
[BlackElo "2253"]
[PlyCount "101"]
[EventDate "2023.07.11"]
[EventType "swiss (blitz)"]
[EventRounds "11"]
[EventCountry "USA"]
[SourceTitle "EXT 2024"]
[Source "ChessBase"]
[SourceDate "2023.10.10"]
[SourceVersion "1"]
[SourceVersionDate "2023.10.10"]
[SourceQuality "1"]

1. d4 g6 2. c3 Bg7 3. Bg5 d6 4. e3 Nd7 5. Nd2 c5 6. Bd3 b6 7. Ngf3 Bb7 8. Qe2 Qc7 9. h4 h6 10. Bf4 e5 11. dxe5 dxe5 12. Bg3 0-0-0 13. e4 Ngf6 14. Ba6 Nh5 15. Bxb7+ Kxb7 16. 0-0 f5 17. Nc4 f4 18. Bh2 Bf6 19. a4 Ng7 20. g3 g5 21. Rfd1 g4 22. Nfd2 f3 23. Qf1 Be7 24. Ne3 Nf6 25. a5 Kb8 26. axb6 axb6 27. Qa6 Qb7 28. Qa2 Bd6 29. Nd5 Nxd5 30. exd5 Bc7 31. c4 Nf5 32. Ne4 Nd4 33. Kh1 Rd7 34. Rd3 Nc2 35. Ra3 Nxa1 36. Qxa1 Bd8 37. Rb3 Rhh7 38. Nxc5 bxc5 39. Rxb7+ Rxb7 40. b4 Bf6 41. bxc5 Ra7 42. Qe1 Rhb7 43. Bg1 Rb2 44. c6 Rba2 45. Qe4 Ra1 46. Qg6 Bd8 47. Qe8 Kc8 48. Qe6+ Kb8 49. Qxe5+ Bc7 50. Qe8+ Bd8 51. Qxd8# 1-0

[Event "Titled Tuesday intern op 11th Jul Late"]
[Site "Chess.com INT"]
[Date "2023.07.11"]
[Round "1"]
[White "Licznerski, Lukasz"]
[Black "Bouget, Alexandre"]
[Result "1-0"]
[WhiteElo "2430"]
[BlackElo "2253"]
[PlyCount "85"]
[EventDate "2023.07.11"]
[EventType "swiss (blitz)"]
[EventRounds "11"]
[EventCountry "USA"]
[SourceTitle "EXT 2024"]
[Source "ChessBase"]
[SourceDate "2023.10.10"]
[SourceVersion "1"]
[SourceVersionDate "2023.10.10"]
[SourceQuality "1"]

1. e4 e5 2. Nf3 Nc6 3. Bb5 a6 4. Bxc6 dxc6 5. 0-0 f6 6. d4 Bg4 7. c3 Bd6 8. Be3 Ne7 9. Nbd2 Ng6 10. Qb3 Qe7 11. Qxb7 0-0 12. Qxc6 exd4 13. cxd4 Nf4 14. Bxf4 Bxf4 15. h3 Bh5 16. Qc5 Qf7 17. Qc4 Qxc4 18. Nxc4 Bxf3 19. gxf3 Rfd8 20. Rfd1 Rab8 21. Rd3 Rb5 22. d5 Kf7 23. Rad1 h5 24. Ra3 c6 25. d6 Ke6 26. Rxa6 Rc5 27. b3 Bxd6 28. Kf1 Rd7 29. Ke2 g5 30. Rd4 Bf4 31. Rxd7 Kxd7 32. Ra5 Rxa5 33. Nxa5 Kc7 34. Kd3 Kb6 35. Nc4+ Kb5 36. a3 Kc5 37. Kc3 Bh2 38. b4+ Kb5 39. Kb3 Bg1 40. Nd6+ Kb6 41. Ne8 Bxf2 42. Nxf6 Be3 43. Nxh5 1-0